LEADER 01128nam0 22003133i 450 001 RMS2720345 005 20231121125811.0 010 $a201000535X 100 $a20170313f19921993||||0itac50 ba 101 | $afre$alat 102 $afr 181 1$6z01$ai $bxxxe 182 1$6z01$an 200 1 $aDictionnaire latin français$fF. Gaffiot 205 $a[Ristampa anastatica] 210 $a[S. l.]$c[s. n.]$d[1992?]$eBorgotaro T.se$gCanale 215 $a1719 p.$d25 cm 300 $aRiproduzione dell'edizione: Paris : Hachette, 1934. 606 $aLingua latina$xDizionari francesi$2FIR$3RMLC213528$9I 676 $a473.41$9LATINO CLASSICO. DIZIONARI in francese$v21 700 1$aGaffiot$b, Felix$3TO0V037949$0408282 801 3$aIT$bIT-01$c20170313 850 $aIT-FR0017 899 $aBiblioteca umanistica Giorgio Aprea$bFR0017 $eN 912 $aRMS2720345 950 0$aBiblioteca umanistica Giorgio Aprea$d 52S.L. 473.41 DLF.Gaf.$e 52FLS0000032055 VMB RS $fC $h20170313$i20170313 977 $a 52 996 $aDictionnaire latin français$93635430 997 $aUNICAS LEADER 01657nas 2200505-a 450 001 996206663303316 005 20240413024919.0 035 $a(DE-599)ZDB2049954-1 035 $a(CKB)110985822457710 035 $a(CONSER)---92659019- 035 $a(EXLCZ)99110985822457710 100 $a19870915a19849999 --- a 101 0 $aeng 181 $ctxt$2rdacontent 182 $cc$2rdamedia 183 $acr$2rdacarrier 200 00$aCADalyst $ethe newsletter of the AutoCAD Users' Group 210 $a[Vancouver] $c[Cadalyst Pub.] 215 $a1 online resource 300 $aPublished: L. Johnston, June 1984-May 1991?; Eugene, Or. : Aster Pub. Corp., June 1991?- 300 $aSome issues lack subtitle. 311 $aPrint version: CADalyst : (DLC) 92659019 (DLC)cn 87031858 (OCoLC)16687894 0820-5450 517 1 $aJournal of the AutoCAD Users' Group 517 1 $aJournal for AutoCAD Users 531 0 $aCADalyst 606 $aComputer graphics$vPeriodicals 606 $aAutoCAD (Langage de programmation)$vPériodiques 606 $aInfographie$vPériodiques 606 $aComputer graphics$2fast$3(OCoLC)fst00872119 608 $aPeriodical 608 $aperiodicals.$2aat 608 $aPeriodicals.$2fast 608 $aPeriodicals.$2lcgft 608 $aPériodiques.$2rvmgf 615 0$aComputer graphics 615 6$aAutoCAD (Langage de programmation) 615 6$aInfographie 615 7$aComputer graphics. 676 $a006.6/05 712 02$aAutoCAD Users' Group. 906 $aJOURNAL 912 $a996206663303316 920 $aexl_impl conversion 996 $aCADalyst$92280985 997 $aUNISA